CDM 2015 (Record no. 84661)
[ view plain ]
| 000 -LEADER | |
|---|---|
| fixed length control field | 00949cab a22002535a 4500 |
| 001 - CONTROL NUMBER | |
| control field | L158698 |
| 008 - FIXED-LENGTH DATA ELEMENTS--GENERAL INFORMATION | |
| fixed length control field | 150624e2015 xxk 000 0 eng d |
| 035 ## - SYSTEM CONTROL NUMBER | |
| System control number | (Sirsi) u158698 |
| 041 ## - LANGUAGE CODE | |
| Language code of text/sound track or separate title | eng |
| 050 ## - LIBRARY OF CONGRESS CALL NUMBER | |
| Classification number | 690.22 $2 18 |
| 100 ## - MAIN ENTRY--PERSONAL NAME | |
| Personal name | Bussey, Paul |
| 245 ## - TITLE STATEMENT | |
| Title | CDM 2015 |
| Remainder of title | A new dawn for construction design management |
| Medium | [electronic resource] |
| 260 ## - PUBLICATION, DISTRIBUTION, ETC. | |
| Place of publication, distribution, etc. | National Building Specification |
| Date of publication, distribution, etc. | 2015 |
| 350 ## - PRICE (NR) (BK AM CF MU VM SE) [OBSOLETE] | |
| Price | 0 |
| 520 ## - SUMMARY, ETC. | |
| Summary, etc. | Takes a look at what's changed in the new Construction Design and Management (CDM) Regulations 2015. |
| 650 ## - SUBJECT ADDED ENTRY--TOPICAL TERM | |
| Topical term or geographic name entry element | CONSTRUCTION (DESIGN AND MANAGEMENT) REGULATIONS 2015 |
| 650 ## - SUBJECT ADDED ENTRY--TOPICAL TERM | |
| Topical term or geographic name entry element | DESIGN |
| 650 ## - SUBJECT ADDED ENTRY--TOPICAL TERM | |
| Topical term or geographic name entry element | SPECIFICATIONS |
| 650 ## - SUBJECT ADDED ENTRY--TOPICAL TERM | |
| Topical term or geographic name entry element | WORKING DRAWINGS |
| 690 ## - LOCAL SUBJECT ADDED ENTRY--TOPICAL TERM (OCLC, RLIN) | |
| Topical term or geographic name as entry element | Design and specification |
| 700 1# - ADDED ENTRY--PERSONAL NAME | |
| Personal name | Brownrigg, Scott |
| 856 48 - ELECTRONIC LOCATION AND ACCESS | |
| Uniform Resource Identifier | <a href="https://www.thenbs.com/topics/Regulations/articles/cdm-2015-a-new-dawn-for-construction-design-management.asp">https://www.thenbs.com/topics/Regulations/articles/cdm-2015-a-new-dawn-for-construction-design-management.asp</a> |
| Public note | View this item free of charge at www.thenbs.com... |
| 942 ## - ADDED ENTRY ELEMENTS (KOHA) | |
| Suppress in OPAC | 0 |
| Withdrawn status | Lost status | Source of classification or shelving scheme | Damaged status | Not for loan | Home library | Current library | Shelving location | Date acquired | Total Checkouts | Full call number | Barcode | Date last seen | Copy number | Price effective from | Koha item type |
|---|---|---|---|---|---|---|---|---|---|---|---|---|---|---|---|
| Dewey Decimal Classification | Virtual | Virtual | Online | 24/06/2015 | L158698 | 158698-2001 | 06/08/2019 | 1 | 06/08/2019 | Journal article |